000 00385cam a2200157 a 4500
020 _a0312252617
050 0 0 _aPS 3553 .R 7858
_bF 37 2001
100 1 _aCrusie, Jennifer.
245 1 0 _aFast women /
_cJennifer Crusie.
250 _a1st ed.
260 _aNew York :
_bSt. Martin's Press,
_c2001.
300 _a358 p. ;
650 0 _vFiction.
650 0 _vFiction.
942 _2lcc
_cGEN
999 _c12481
_d12481